000 00239nam a2200097Ia 4500
001 1253614
005 20251031150957.0
008 251031s9999 xx 000 0 und d
245 0 _cAYDA ÇAYIR
_aY-8 DÜŞ AVCISI
260 _bERDEM YAYINLARI
999 _c1253614
_d1253614